[Event "Women's Baku Chess Olympiad"]
[Site "chess24.com"]
[Date "2016.09.10"]
[Round "8"]
[White "Jorge, Rita Maria Osorio"]
[Black "Vidic, Teja"]
[Result "1-0"]
[Board "4"]
[WhiteID "1923161"]
[WhiteElo "1791"]
[WhiteTitle "WCM"]
[WhiteCountry "POR"]
[WhiteFideId "1923161"]
[WhiteEloChange "17"]
[BlackID "14605511"]
[BlackElo "2121"]
[BlackTitle "WFM"]
[BlackCountry "SLO"]
[BlackFideId "14605511"]
[BlackEloChange "-17"]

1. e4 {[%clk 1:30:54]} e5 {[%clk 1:30:53]} 2. Nf3 {[%clk 1:31:09]} Nc6 {[%clk
1:31:19]} 3. Bb5 {[%clk 1:31:24]} a6 {[%clk 1:31:43]} 4. Ba4 {[%clk 1:31:49]} Nf6
{[%clk 1:32:10]} 5. O-O {[%clk 1:32:04]} Be7 {[%clk 1:32:37]} 6. Re1 {[%clk
1:31:31]} b5 {[%clk 1:32:40]} 7. Bb3 {[%clk 1:31:50]} O-O {[%clk 1:33:05]} 8. c3
{[%clk 1:26:53]} d5 {[%clk 1:33:31]} 9. d3 {[%clk 1:21:11]} dxe4 {[%clk 1:33:26]}
10. dxe4 {[%clk 1:21:05]} Qxd1 {[%clk 1:33:43]} 11. Bxd1 {[%clk 1:21:05]} Bb7
{[%clk 1:34:00]} 12. Bc2 {[%clk 1:13:24]} Rad8 {[%clk 1:28:52]} 13. Nbd2 {[%clk
1:09:06]} Nd7 {[%clk 1:18:26]} 14. Nf1 {[%clk 1:01:04]} Nb6 {[%clk 1:15:31]} 15.
Ne3 {[%clk 0:59:24]} g6 {[%clk 1:06:56]} 16. b3 {[%clk 0:36:38]} Bf6 {[%clk
1:04:09]} 17. a4 {[%clk 0:36:18]} h5 {[%clk 0:58:30]} 18. a5 {[%clk 0:33:41]} Nd7
{[%clk 0:49:53]} 19. Nd5 {[%clk 0:33:26]} Rc8 {[%clk 0:45:51]} 20. b4 {[%clk
0:24:09]} Bd8 {[%clk 0:35:29]} 21. Bb3 {[%clk 0:09:16]} Ne7 {[%clk 0:34:55]} 22.
Bh6 {[%clk 0:06:23]} Re8 {[%clk 0:32:54]} 23. Nxe5 {[%clk 0:02:09]} Nxd5 {[%clk
0:32:18]} 24. Nxd7 {[%clk 0:02:11]} Nf6 {[%clk 0:28:21]} 25. Nc5 {[%clk 0:01:43]}
Ba8 {[%clk 0:25:37]} 26. f3 {[%clk 0:01:26]} Be7 {[%clk 0:23:06]} 27. Nxa6 {[%clk
0:01:23]} Nd7 {[%clk 0:21:30]} 28. Be3 {[%clk 0:01:19]} c5 {[%clk 0:19:28]} 29.
Nxc5 {[%clk 0:00:51]} Nxc5 {[%clk 0:19:44]} 30. bxc5 {[%clk 0:01:16]} Bxc5 {[%clk
0:20:01]} 31. Kf1 {[%clk 0:01:00]} Bd6 {[%clk 0:16:57]} 32. Bd4 {[%clk 0:00:59]}
Bxh2 {[%clk 0:17:21]} 33. Reb1 {[%clk 0:01:05]} Be5 {[%clk 0:13:35]} 34. Bd1
{[%clk 0:01:14]} Rxc3 {[%clk 0:05:56]} 35. Bxc3 {[%clk 0:01:14]} Bxc3 {[%clk
0:06:22]} 36. Ra2 {[%clk 0:01:23]} b4 {[%clk 0:05:35]} 37. a6 {[%clk 0:01:19]} f5
{[%clk 0:04:53]} 38. Bb3+ {[%clk 0:01:33]} Kg7 {[%clk 0:04:35]} 39. exf5 {[%clk
0:01:41]} gxf5 {[%clk 0:04:30]} 40. Re2 {[%clk 0:31:41]} Rc8 {[%clk 0:32:32]} 41.
Rd1 {[%clk 0:25:03]} Kf6 {[%clk 0:25:03]} 42. Re6+ {[%clk 0:18:00]} Kg5 {[%clk
0:25:29]} 43. Rdd6 {[%clk 0:17:26]} Kf4 {[%clk 0:22:18]} 44. Kf2 {[%clk 0:16:21]}
h4 {[%clk 0:21:11]} 45. Rh6 {[%clk 0:13:30]} Re8 {[%clk 0:14:40]} 46. Rxh4+
{[%clk 0:12:31]} Kg5 {[%clk 0:14:58]} 47. f4+ {[%clk 0:08:40]} Kxh4 {[%clk
0:15:16]} 48. g3+ {[%clk 0:08:55]} Kh5 {[%clk 0:14:01]} 49. Bd1+ {[%clk 0:09:16]}
1-0

[Event "Women's Baku Chess Olympiad"]
[Site "chess24.com"]
[Date "2016.09.10"]
[Round "8"]
[White "shaikha Abdallah Aldhaheri"]
[Black "Sihite, Chelsie Monica Ignesias"]
[Result "0-1"]
[Board "1"]
[WhiteID "9305343"]
[WhiteElo "1495"]
[WhiteCountry "UAE"]
[WhiteFideId "9305343"]
[WhiteEloChange "-2"]
[BlackID "7101198"]
[BlackElo "2199"]
[BlackTitle "WIM"]
[BlackCountry "INA"]
[BlackFideId "7101198"]
[BlackEloChange "2"]

1. Nf3 {[%clk 1:30:54]} Nf6 {[%clk 1:30:44]} 2. g3 {[%clk 1:30:59]} e6 {[%clk
1:31:06]} 3. Bg2 {[%clk 1:31:02]} d5 {[%clk 1:31:21]} 4. c4 {[%clk 1:31:04]} Be7
{[%clk 1:29:28]} 5. O-O {[%clk 1:31:03]} O-O {[%clk 1:29:54]} 6. d4 {[%clk
1:29:04]} b6 {[%clk 1:20:49]} 7. Qc2 {[%clk 1:27:06]} Bb7 {[%clk 1:20:01]} 8. b3
{[%clk 1:23:04]} a5 {[%clk 1:19:47]} 9. a3 {[%clk 1:16:30]} dxc4 {[%clk 1:04:24]}
10. bxc4 {[%clk 1:09:28]} Be4 {[%clk 1:01:35]} 11. Qb2 {[%clk 1:05:57]} Nbd7
{[%clk 0:59:04]} 12. Nc3 {[%clk 1:05:17]} Bb7 {[%clk 0:57:13]} 13. Qc2 {[%clk
1:00:58]} Qc8 {[%clk 0:45:45]} 14. e4 {[%clk 1:00:06]} c5 {[%clk 0:41:31]} 15. d5
{[%clk 0:58:54]} exd5 {[%clk 0:38:14]} 16. exd5 {[%clk 0:59:14]} Ba6 {[%clk
0:36:27]} 17. Nd2 {[%clk 0:56:20]} Bd6 {[%clk 0:34:11]} 18. a4 {[%clk 0:52:20]}
Re8 {[%clk 0:32:42]} 19. Nce4 {[%clk 0:48:20]} Qc7 {[%clk 0:31:09]} 20. Re1
{[%clk 0:47:36]} Nxe4 {[%clk 0:30:46]} 21. Rxe4 {[%clk 0:45:17]} Nf6 {[%clk
0:29:25]} 22. Rxe8+ {[%clk 0:44:10]} Rxe8 {[%clk 0:29:41]} 23. Bb2 {[%clk
0:44:31]} Qe7 {[%clk 0:24:30]} 24. Rb1 {[%clk 0:40:20]} Bc7 {[%clk 0:22:07]} 25.
Bf3 {[%clk 0:34:44]} Nd7 {[%clk 0:20:18]} 26. Qd3 {[%clk 0:23:38]} Be5 {[%clk
0:18:31]} 27. Bc3 {[%clk 0:11:20]} Bxc3 {[%clk 0:17:58]} 28. Qxc3 {[%clk
0:11:48]} f5 {[%clk 0:17:09]} 29. Nf1 {[%clk 0:07:01]} Qe5 {[%clk 0:15:38]} 30.
Qc2 {[%clk 0:04:18]} g6 {[%clk 0:14:04]} 31. Rb3 {[%clk 0:01:19]} Qd4 {[%clk
0:13:17]} 32. Ne3 {[%clk 0:01:07]} f4 {[%clk 0:12:52]} 33. Rd3 {[%clk 0:01:12]}
Qf6 {[%clk 0:12:05]} 34. Ng4 {[%clk 0:01:14]} Qd6 {[%clk 0:12:11]} 35. Qc3 {[%clk
0:01:11]} h5 {[%clk 0:10:27]} 36. Nh6+ {[%clk 0:00:36]} Kh7 {[%clk 0:10:56]} 37.
Bxh5 {[%clk 0:00:34]} Kxh6 {[%clk 0:08:28]} 38. Bg4 {[%clk 0:00:42]} Ne5 {[%clk
0:08:11]} 39. Rd1 {[%clk 0:00:33]} Nxg4 {[%clk 0:08:01]} 40. Qf3 {[%clk 0:30:47]}
Nf6 {[%clk 0:37:59]} 0-1

[Event "Women's Baku Chess Olympiad"]
[Site "chess24.com"]
[Date "2016.09.10"]
[Round "8"]
[White "Faruq, Afifa Ayyun"]
[Black "Nouman, Amna"]
[Result "0-1"]
[Board "2"]
[WhiteID "7105002"]
[WhiteElo "1667"]
[WhiteTitle "WFM"]
[WhiteCountry "INA"]
[WhiteFideId "7105002"]
[WhiteEloChange "-3"]
[BlackID "9301500"]
[BlackElo "1983"]
[BlackTitle "WIM"]
[BlackCountry "UAE"]
[BlackFideId "9301500"]
[BlackEloChange "3"]

1. e4 {[%clk 1:30:57]} e5 {[%clk 1:30:59]} 2. Nf3 {[%clk 1:31:17]} Nc6 {[%clk
1:31:24]} 3. d4 {[%clk 1:31:38]} exd4 {[%clk 1:31:40]} 4. Nxd4 {[%clk 1:31:43]}
Bb4+ {[%clk 1:31:40]} 5. c3 {[%clk 1:30:03]} Bc5 {[%clk 1:31:52]} 6. Be3 {[%clk
1:30:02]} Bb6 {[%clk 1:32:14]} 7. Bc4 {[%clk 1:25:39]} Nf6 {[%clk 1:31:03]} 8.
Nxc6 {[%clk 1:20:13]} bxc6 {[%clk 1:31:06]} 9. e5 {[%clk 1:14:29]} Bxe3 {[%clk
0:54:29]} 10. fxe3 {[%clk 1:14:34]} Nd5 {[%clk 0:54:29]} 11. Bxd5 {[%clk
1:13:35]} cxd5 {[%clk 0:54:10]} 12. Qxd5 {[%clk 1:13:09]} Ba6 {[%clk 0:45:49]}
13. Qd4 {[%clk 1:09:17]} Qg5 {[%clk 0:42:28]} 14. Nd2 {[%clk 1:05:24]} O-O {[%clk
0:32:06]} 15. O-O-O {[%clk 1:01:14]} Rfe8 {[%clk 0:28:31]} 16. Ne4 {[%clk
0:41:49]} Qxe5 {[%clk 0:26:25]} 17. Nc5 {[%clk 0:41:21]} Bb5 {[%clk 0:16:51]} 18.
Nxd7 {[%clk 0:29:46]} Qxe3+ {[%clk 0:16:31]} 19. Qxe3 {[%clk 0:28:42]} Rxe3
{[%clk 0:16:54]} 20. Rd2 {[%clk 0:26:15]} Rae8 {[%clk 0:14:13]} 21. Rhd1 {[%clk
0:23:31]} Ba4 {[%clk 0:13:48]} 22. b3 {[%clk 0:22:34]} Bxd7 {[%clk 0:13:49]} 23.
Rxd7 {[%clk 0:23:01]} Rxc3+ {[%clk 0:14:12]} 24. Kb2 {[%clk 0:23:24]} Rc6 {[%clk
0:13:35]} 25. R1d2 {[%clk 0:23:08]} Kf8 {[%clk 0:07:40]} 26. Rf2 {[%clk 0:21:59]}
Re7 {[%clk 0:06:09]} 27. Rd8+ {[%clk 0:22:16]} Re8 {[%clk 0:06:30]} 28. Rd7
{[%clk 0:22:28]} Re7 {[%clk 0:06:38]} 29. Rd8+ {[%clk 0:20:52]} Re8 {[%clk
0:06:54]} 30. Rd7 {[%clk 0:19:42]} f6 {[%clk 0:07:07]} 31. a4 {[%clk 0:18:07]}
Re7 {[%clk 0:07:14]} 32. Rfd2 {[%clk 0:17:07]} a6 {[%clk 0:05:29]} 33. b4 {[%clk
0:12:59]} Ke8 {[%clk 0:04:21]} 34. Rd8+ {[%clk 0:13:04]} Kf7 {[%clk 0:04:50]} 35.
R8d4 {[%clk 0:11:28]} h5 {[%clk 0:02:04]} 36. a5 {[%clk 0:11:03]} g5 {[%clk
0:02:10]} 37. Kb3 {[%clk 0:11:07]} Re3+ {[%clk 0:02:06]} 38. R2d3 {[%clk
0:10:46]} Re1 {[%clk 0:02:05]} 39. Rd2 {[%clk 0:08:40]} Rb1+ {[%clk 0:02:13]} 40.
Rb2 {[%clk 0:39:04]} Rbc1 {[%clk 0:32:34]} 41. Ra2 {[%clk 0:37:18]} R6c3+ {[%clk
0:31:17]} 42. Ka4 {[%clk 0:37:39]} Rb1 {[%clk 0:30:55]} 43. Ra3 {[%clk 0:36:19]}
Rc2 {[%clk 0:31:13]} 44. Rad3 {[%clk 0:34:59]} Ra2+ {[%clk 0:26:29]} 45. Ra3
{[%clk 0:35:19]} Rab2 {[%clk 0:25:58]} 46. Rc3 {[%clk 0:31:01]} Ra1+ {[%clk
0:21:16]} 47. Ra3 {[%clk 0:31:22]} Rc1 {[%clk 0:21:25]} 48. Rb3 {[%clk 0:27:36]}
Ra2+ {[%clk 0:20:54]} 49. Ra3 {[%clk 0:27:47]} Rxg2 {[%clk 0:21:03]} 50. b5
{[%clk 0:27:47]} c5 {[%clk 0:04:45]} 51. Rd7+ {[%clk 0:10:05]} Ke6 {[%clk
0:04:56]} 52. bxa6 {[%clk 0:10:00]} Rb2 {[%clk 0:04:01]} 53. Rb3 {[%clk 0:07:00]}
Ra1+ {[%clk 0:03:55]} 54. Kb5 {[%clk 0:07:13]} Rxb3+ {[%clk 0:04:06]} 55. Kc6
{[%clk 0:07:37]} Rxa5 {[%clk 0:04:11]} 0-1

[Event "Women's Baku Chess Olympiad"]
[Site "chess24.com"]
[Date "2016.09.10"]
[Round "8"]
[White "Jehad, Aysha"]
[Black "Putri, Regita Desyari"]
[Result "0-1"]
[Board "3"]
[WhiteID "9303286"]
[WhiteElo "1668"]
[WhiteCountry "UAE"]
[WhiteFideId "9303286"]
[WhiteEloChange "-11"]
[BlackID "7109083"]
[BlackElo "1623"]
[BlackCountry "INA"]
[BlackFideId "7109083"]
[BlackEloChange "11"]

1. e4 {[%clk 1:30:55]} e5 {[%clk 1:30:42]} 2. Nf3 {[%clk 1:31:19]} Nc6 {[%clk
1:30:39]} 3. Bb5 {[%clk 1:31:43]} a6 {[%clk 1:30:46]} 4. Ba4 {[%clk 1:32:06]} Nf6
{[%clk 1:30:49]} 5. O-O {[%clk 1:31:32]} Be7 {[%clk 1:30:00]} 6. Re1 {[%clk
1:31:38]} b5 {[%clk 1:29:35]} 7. Bb3 {[%clk 1:32:06]} d6 {[%clk 1:29:26]} 8. c3
{[%clk 1:30:26]} O-O {[%clk 1:28:43]} 9. d4 {[%clk 1:28:41]} Bg4 {[%clk 1:26:01]}
10. d5 {[%clk 1:26:52]} Na5 {[%clk 1:23:55]} 11. Bc2 {[%clk 1:26:38]} c6 {[%clk
1:22:35]} 12. b3 {[%clk 1:14:51]} Qc7 {[%clk 1:17:51]} 13. h3 {[%clk 0:59:11]}
Bh5 {[%clk 1:11:18]} 14. Bb2 {[%clk 0:42:18]} cxd5 {[%clk 0:56:58]} 15. exd5
{[%clk 0:41:08]} Bg6 {[%clk 0:56:53]} 16. Na3 {[%clk 0:32:00]} Nb7 {[%clk
0:37:01]} 17. b4 {[%clk 0:23:41]} Nh5 {[%clk 0:26:56]} 18. Rc1 {[%clk 0:17:01]}
Nf4 {[%clk 0:18:07]} 19. Bxg6 {[%clk 0:13:57]} fxg6 {[%clk 0:16:11]} 20. c4
{[%clk 0:09:42]} Qd7 {[%clk 0:09:15]} 21. Rc3 {[%clk 0:02:28]} Bf6 {[%clk
0:07:13]} 22. Re4 {[%clk 0:01:10]} Rac8 {[%clk 0:04:25]} 23. Bc1 {[%clk 0:00:52]}
Qf5 {[%clk 0:02:12]} 24. Qe1 {[%clk 0:00:34]} Nxd5 {[%clk 0:01:15]} 25. cxd5
{[%clk 0:00:34]} Rxc3 {[%clk 0:01:38]} 26. Qxc3 {[%clk 0:00:33]} Qxe4 {[%clk
0:02:02]} 27. Qd2 {[%clk 0:00:33]} 0-1

[Event "Women's Baku Chess Olympiad"]
[Site "chess24.com"]
[Date "2016.09.10"]
[Round "8"]
[White "Stojkovska, Monika"]
[Black "Mueller-Seps, Monika"]
[Result "1/2-1/2"]
[Board "1"]
[WhiteID "15002594"]
[WhiteElo "2033"]
[WhiteTitle "WFM"]
[WhiteCountry "MKD"]
[WhiteFideId "15002594"]
[WhiteEloChange "6"]
[BlackID "1308521"]
[BlackElo "2276"]
[BlackTitle "WGM"]
[BlackCountry "SUI"]
[BlackFideId "1308521"]
[BlackEloChange "-6"]

1. e4 {[%clk 1:30:57]} c5 {[%clk 1:30:56]} 2. Nf3 {[%clk 1:31:19]} d6 {[%clk
1:31:22]} 3. d4 {[%clk 1:31:44]} cxd4 {[%clk 1:31:49]} 4. Nxd4 {[%clk 1:32:09]}
Nf6 {[%clk 1:32:17]} 5. Nc3 {[%clk 1:32:34]} a6 {[%clk 1:32:45]} 6. h3 {[%clk
1:32:40]} e5 {[%clk 1:32:58]} 7. Nde2 {[%clk 1:32:50]} h5 {[%clk 1:31:45]} 8. Bg5
{[%clk 1:32:45]} Be7 {[%clk 1:24:08]} 9. Ng3 {[%clk 1:32:26]} h4 {[%clk 1:16:28]}
10. Nf5 {[%clk 1:32:03]} Bxf5 {[%clk 1:16:51]} 11. exf5 {[%clk 1:32:28]} Nbd7
{[%clk 1:17:00]} 12. Bxf6 {[%clk 1:21:43]} Nxf6 {[%clk 1:17:07]} 13. Bc4 {[%clk
1:21:48]} Rc8 {[%clk 1:07:51]} 14. Bb3 {[%clk 1:16:25]} O-O {[%clk 0:53:00]} 15.
O-O {[%clk 1:08:42]} Rxc3 {[%clk 0:47:43]} 16. bxc3 {[%clk 1:08:15]} Qa5 {[%clk
0:48:09]} 17. Qf3 {[%clk 1:00:35]} e4 {[%clk 0:38:42]} 18. Qf4 {[%clk 0:58:31]}
Qxc3 {[%clk 0:35:17]} 19. Rad1 {[%clk 0:49:50]} Qa5 {[%clk 0:30:30]} 20. Rd4
{[%clk 0:43:48]} d5 {[%clk 0:22:22]} 21. Qxh4 {[%clk 0:16:00]} Qc3 {[%clk
0:18:33]} 22. Rdd1 {[%clk 0:13:05]} Qe5 {[%clk 0:16:24]} 23. Qg5 {[%clk 0:09:56]}
Bd6 {[%clk 0:13:44]} 24. g3 {[%clk 0:02:48]} Bc5 {[%clk 0:14:10]} 25. Qf4 {[%clk
0:02:41]} Qxf4 {[%clk 0:11:03]} 26. gxf4 {[%clk 0:03:10]} d4 {[%clk 0:09:51]} 27.
Rfe1 {[%clk 0:03:23]} b5 {[%clk 0:08:54]} 28. Kg2 {[%clk 0:03:09]} Bb4 {[%clk
0:05:13]} 29. Rxe4 {[%clk 0:02:13]} Nxe4 {[%clk 0:05:17]} 30. Rxd4 {[%clk
0:02:41]} Nd6 {[%clk 0:01:32]} 31. Rxb4 {[%clk 0:03:09]} Nxf5 {[%clk 0:01:59]}
32. a4 {[%clk 0:02:43]} Nd6 {[%clk 0:01:39]} 33. Rd4 {[%clk 0:02:30]} Rd8 {[%clk
0:01:52]} 34. axb5 {[%clk 0:02:05]} axb5 {[%clk 0:02:21]} 35. c4 {[%clk 0:00:57]}
bxc4 {[%clk 0:02:45]} 36. Bxc4 {[%clk 0:01:21]} Kf8 {[%clk 0:03:05]} 37. Be2
{[%clk 0:01:24]} 1/2-1/2

[Event "Women's Baku Chess Olympiad"]
[Site "chess24.com"]
[Date "2016.09.10"]
[Round "8"]
[White "Georgescu, Lena"]
[Black "Bejatovic, Bojana"]
[Result "1/2-1/2"]
[Board "2"]
[WhiteID "1331973"]
[WhiteElo "2164"]
[WhiteTitle "WFM"]
[WhiteCountry "SUI"]
[WhiteFideId "1331973"]
[WhiteEloChange "-3"]
[BlackID "15000141"]
[BlackElo "2063"]
[BlackCountry "MKD"]
[BlackFideId "15000141"]
[BlackEloChange "3"]

1. e4 {[%clk 1:30:58]} Nf6 {[%clk 1:30:52]} 2. e5 {[%clk 1:31:24]} Nd5 {[%clk
1:31:17]} 3. d4 {[%clk 1:31:51]} d6 {[%clk 1:31:42]} 4. c4 {[%clk 1:32:19]} Nb6
{[%clk 1:32:07]} 5. exd6 {[%clk 1:32:45]} exd6 {[%clk 1:32:33]} 6. Nc3 {[%clk
1:33:09]} Be7 {[%clk 1:32:46]} 7. Bd3 {[%clk 1:33:25]} Nc6 {[%clk 1:32:58]} 8.
Nge2 {[%clk 1:33:13]} Bf6 {[%clk 1:32:42]} 9. Be3 {[%clk 1:29:10]} O-O {[%clk
1:32:51]} 10. O-O {[%clk 1:29:29]} Nb4 {[%clk 1:32:05]} 11. b3 {[%clk 1:29:11]}
Nxd3 {[%clk 1:31:45]} 12. Qxd3 {[%clk 1:29:39]} Re8 {[%clk 1:31:40]} 13. Rad1
{[%clk 1:21:47]} Bg4 {[%clk 1:31:17]} 14. f3 {[%clk 1:15:46]} Bf5 {[%clk
1:26:20]} 15. Qd2 {[%clk 1:14:14]} h6 {[%clk 1:18:22]} 16. Ng3 {[%clk 1:12:24]}
Bg6 {[%clk 1:12:20]} 17. Nge4 {[%clk 1:07:55]} c6 {[%clk 1:04:58]} 18. Nxf6+
{[%clk 0:48:45]} Qxf6 {[%clk 1:05:15]} 19. d5 {[%clk 0:48:09]} Rad8 {[%clk
0:43:41]} 20. Rfe1 {[%clk 0:43:31]} Nc8 {[%clk 0:38:42]} 21. dxc6 {[%clk
0:36:57]} bxc6 {[%clk 0:38:47]} 22. Bd4 {[%clk 0:36:42]} Qf5 {[%clk 0:35:42]} 23.
Ne4 {[%clk 0:35:22]} d5 {[%clk 0:31:49]} 24. cxd5 {[%clk 0:32:43]} Qxd5 {[%clk
0:23:25]} 25. Nc3 {[%clk 0:17:09]} Rxe1+ {[%clk 0:14:46]} 26. Qxe1 {[%clk
0:15:41]} Qg5 {[%clk 0:14:43]} 27. Qe5 {[%clk 0:13:15]} Qxe5 {[%clk 0:13:16]} 28.
Bxe5 {[%clk 0:13:44]} Rxd1+ {[%clk 0:13:37]} 29. Nxd1 {[%clk 0:14:11]} f6 {[%clk
0:13:54]} 30. Bb2 {[%clk 0:13:00]} Kf7 {[%clk 0:13:05]} 31. Kf2 {[%clk 0:13:26]}
Ke6 {[%clk 0:13:15]} 32. Ke3 {[%clk 0:13:52]} Nb6 {[%clk 0:11:24]} 33. Kd4 {[%clk
0:13:23]} Nd5 {[%clk 0:08:19]} 34. Nc3 {[%clk 0:10:26]} Nb4 {[%clk 0:05:32]} 35.
Ke3 {[%clk 0:07:53]} 1/2-1/2

[Event "Women's Baku Chess Olympiad"]
[Site "chess24.com"]
[Date "2016.09.10"]
[Round "8"]
[White "Lakinska, Simona"]
[Black "De Seroux, Camille"]
[Result "0-1"]
[Board "3"]
[WhiteID "15001695"]
[WhiteElo "1695"]
[WhiteCountry "MKD"]
[WhiteFideId "15001695"]
[WhiteEloChange "-2"]
[BlackID "1305620"]
[BlackElo "2101"]
[BlackTitle "WFM"]
[BlackCountry "SUI"]
[BlackFideId "1305620"]
[BlackEloChange "2"]

1. e4 {[%clk 1:30:56]} c5 {[%clk 1:30:52]} 2. Nf3 {[%clk 1:31:17]} Nc6 {[%clk
1:31:15]} 3. c3 {[%clk 1:31:31]} Nf6 {[%clk 1:31:11]} 4. Bd3 {[%clk 1:31:23]} g6
{[%clk 1:31:14]} 5. O-O {[%clk 1:31:12]} Bg7 {[%clk 1:31:38]} 6. Bc2 {[%clk
1:30:52]} O-O {[%clk 1:31:58]} 7. d4 {[%clk 1:28:14]} cxd4 {[%clk 1:32:18]} 8.
cxd4 {[%clk 1:28:32]} d5 {[%clk 1:32:39]} 9. e5 {[%clk 1:28:08]} Ne4 {[%clk
1:33:02]} 10. h3 {[%clk 1:26:20]} Qa5 {[%clk 1:25:01]} 11. Nbd2 {[%clk 1:21:36]}
Rd8 {[%clk 1:17:52]} 12. Re1 {[%clk 1:17:41]} Qb6 {[%clk 0:58:57]} 13. Nf1 {[%clk
0:45:11]} Be6 {[%clk 0:49:58]} 14. a3 {[%clk 0:35:02]} Rac8 {[%clk 0:47:11]} 15.
Ba4 {[%clk 0:29:14]} f6 {[%clk 0:38:54]} 16. Bxc6 {[%clk 0:21:59]} Rxc6 {[%clk
0:33:50]} 17. N1d2 {[%clk 0:20:12]} fxe5 {[%clk 0:30:58]} 18. Nxe4 {[%clk
0:13:46]} dxe4 {[%clk 0:31:22]} 19. Rxe4 {[%clk 0:10:08]} exd4 {[%clk 0:19:14]}
20. Ne5 {[%clk 0:07:08]} Rcc8 {[%clk 0:16:48]} 21. Nd3 {[%clk 0:03:52]} Bb3
{[%clk 0:14:49]} 22. Qe2 {[%clk 0:03:07]} Rc2 {[%clk 0:13:21]} 23. Qe1 {[%clk
0:02:39]} e6 {[%clk 0:11:18]} 24. Bd2 {[%clk 0:01:04]} Rf8 {[%clk 0:09:33]} 25.
Nf4 {[%clk 0:00:36]} e5 {[%clk 0:07:00]} 26. Nd3 {[%clk 0:00:46]} Bd5 {[%clk
0:04:56]} 27. Re2 {[%clk 0:00:49]} Bc4 {[%clk 0:04:36]} 28. Nb4 {[%clk 0:00:52]}
Rxb2 {[%clk 0:01:47]} 29. Qc1 {[%clk 0:00:37]} Bxe2 {[%clk 0:01:56]} 30. Qxb2
{[%clk 0:01:03]} Bc4 {[%clk 0:01:45]} 31. Rc1 {[%clk 0:00:47]} Be6 {[%clk
0:02:06]} 32. Re1 {[%clk 0:00:43]} Rc8 {[%clk 0:01:29]} 33. Qa1 {[%clk 0:00:35]}
Qb5 {[%clk 0:01:23]} 34. f4 {[%clk 0:00:40]} a5 {[%clk 0:01:12]} 35. Na2 {[%clk
0:00:42]} Rc2 {[%clk 0:01:33]} 36. Rb1 {[%clk 0:00:52]} Qd5 {[%clk 0:01:21]} 0-1

[Event "Women's Baku Chess Olympiad"]
[Site "chess24.com"]
[Date "2016.09.10"]
[Round "8"]
[White "Stoeri, Laura"]
[Black "Manova, Ivana"]
[Result "1-0"]
[Board "4"]
[WhiteID "1304313"]
[WhiteElo "2084"]
[WhiteTitle "WFM"]
[WhiteCountry "SUI"]
[WhiteFideId "1304313"]
[WhiteEloChange "2"]
[BlackID "15003590"]
[BlackElo "1724"]
[BlackCountry "MKD"]
[BlackFideId "15003590"]
[BlackEloChange "-2"]

1. e4 {[%clk 1:30:59]} e5 {[%clk 1:30:45]} 2. Nf3 {[%clk 1:31:24]} Nc6 {[%clk
1:31:02]} 3. Bb5 {[%clk 1:31:50]} a6 {[%clk 1:31:14]} 4. Ba4 {[%clk 1:32:16]} Nf6
{[%clk 1:31:24]} 5. O-O {[%clk 1:32:38]} Be7 {[%clk 1:31:26]} 6. d3 {[%clk
1:33:01]} b5 {[%clk 1:31:32]} 7. Bb3 {[%clk 1:33:27]} d6 {[%clk 1:28:00]} 8. a4
{[%clk 1:33:50]} Na5 {[%clk 1:07:55]} 9. Ba2 {[%clk 1:33:38]} c5 {[%clk 1:03:37]}
10. Bg5 {[%clk 1:24:00]} Be6 {[%clk 0:54:15]} 11. axb5 {[%clk 1:20:23]} axb5
{[%clk 0:49:00]} 12. Bxf6 {[%clk 1:16:55]} Bxf6 {[%clk 0:48:23]} 13. Nc3 {[%clk
1:17:19]} b4 {[%clk 0:37:57]} 14. Nd5 {[%clk 1:17:29]} O-O {[%clk 0:33:54]} 15.
Re1 {[%clk 1:08:32]} b3 {[%clk 0:19:06]} 16. Bxb3 {[%clk 0:42:38]} Nxb3 {[%clk
0:18:59]} 17. Rxa8 {[%clk 0:43:01]} Qxa8 {[%clk 0:19:05]} 18. Nxf6+ {[%clk
0:36:56]} gxf6 {[%clk 0:19:23]} 19. cxb3 {[%clk 0:37:20]} Kh8 {[%clk 0:00:33]}
20. Nh4 {[%clk 0:29:30]} Rg8 {[%clk 0:00:36]} 21. Qf3 {[%clk 0:24:44]} Qd8 {[%clk
0:00:40]} 22. Nf5 {[%clk 0:19:36]} Bxb3 {[%clk 0:00:34]} 23. Ra1 {[%clk 0:20:03]}
Be6 {[%clk 0:00:35]} 24. Nxd6 {[%clk 0:19:39]} Bb3 {[%clk 0:00:31]} 25. Nb7
{[%clk 0:18:25]} Qe7 {[%clk 0:00:31]} 26. Nxc5 {[%clk 0:18:38]} Be6 {[%clk
0:00:32]} 27. b4 {[%clk 0:12:58]} Rb8 {[%clk 0:00:39]} 28. h3 {[%clk 0:12:15]} h6
{[%clk 0:00:33]} 29. Qe3 {[%clk 0:11:36]} Kh7 {[%clk 0:00:47]} 30. Rb1 {[%clk
0:08:54]} Bd7 {[%clk 0:00:34]} 31. d4 {[%clk 0:08:33]} exd4 {[%clk 0:00:39]} 32.
Qxd4 {[%clk 0:09:00]} Bb5 {[%clk 0:00:49]} 33. Re1 {[%clk 0:07:58]} Rd8 {[%clk
0:00:49]} 34. Qc3 {[%clk 0:07:29]} Rg8 {[%clk 0:00:32]} 35. Qf3 {[%clk 0:06:57]}
Bc6 {[%clk 0:00:32]} 36. Qf5+ {[%clk 0:07:14]} Kh8 {[%clk 0:00:54]} 37. Rd1
{[%clk 0:03:21]} Rg6 {[%clk 0:00:42]} 38. Qc8+ {[%clk 0:03:14]} Be8 {[%clk
0:01:00]} 39. Qd8 {[%clk 0:01:33]} Qe5 {[%clk 0:00:35]} 40. Qd6 {[%clk 0:30:42]}
Qg5 {[%clk 0:30:36]} 41. g3 {[%clk 0:30:08]} Qh5 {[%clk 0:22:27]} 42. Kg2 {[%clk
0:29:12]} Bc6 {[%clk 0:18:49]} 43. Qb8+ {[%clk 0:21:07]} Rg8 {[%clk 0:18:15]} 44.
Rd8 {[%clk 0:21:21]} Rxd8 {[%clk 0:18:07]} 45. Qxd8+ {[%clk 0:21:47]} Kg7 {[%clk
0:18:25]} 46. Qc8 {[%clk 0:20:56]} Bb5 {[%clk 0:16:28]} 47. Qg4+ {[%clk 0:10:39]}
Qxg4 {[%clk 0:16:05]} 48. hxg4 {[%clk 0:11:08]} Kf8 {[%clk 0:14:15]} 49. Kf3
{[%clk 0:11:25]} Ke7 {[%clk 0:14:18]} 50. Nb3 {[%clk 0:11:52]} Kd6 {[%clk
0:13:03]} 51. Nd4 {[%clk 0:12:17]} Bd3 {[%clk 0:12:15]} 52. Ke3 {[%clk 0:12:16]}
1-0